[Event "Madrid Chamartin op 6th"]
[Site "Madrid"]
[Date "2017.09.09"]
[Round "8"]
[White "Gijon Molina, Carlos"]
[Black "Gallego Romero, Manuel"]
[Result "0-1"]
[WhiteElo "1189"]
[BlackElo "1475"]
[PlyCount "124"]
[EventDate "2017.09.04"]
[EventType "swiss"]
[EventRounds "9"]
[EventCountry "ESP"]
[SourceTitle "CBM 180 Extra"]
[Source "ChessBase"]
[SourceDate "2017.10.06"]
[SourceVersion "1"]
[SourceVersionDate "2017.10.06"]
[SourceQuality "1"]

1. d4 d5 2. c4 c6 3. Nc3 e6 4. Nf3 Nf6 5. Bg5 h6 6. Bh4 Be7 7. Qc2 0-0 8. Bxf6 Bxf6 9. e3 Nd7 10. e4 dxe4 11. Qxe4 Re8 12. Bd3 Nf8 13. 0-0 Qe7 14. Bc2 Rb8 15. Rfe1 Qb4 16. Bb3 Qa5 17. Rad1 Bd7 18. h4 c5 19. Re3 Bc6 20. Qg4 Bxf3 21. Rxf3 Bxd4 22. Ne4 f5 23. Qh5 fxe4 24. Rxd4 exf3 25. Rg4 Qd2 26. Qe5 Qd7 27. Ba4 Qe7 28. Bxe8 Rxe8 29. gxf3 Nd7 30. Qg3 Rf8 31. Rg6 Rf6 32. h5 Rxg6 33. hxg6 Qg5 34. Qxg5 hxg5 35. Kg2 Ne5 36. Kg3 Nxc4 37. b3 Ne5 38. f4 gxf4+ 39. Kxf4 Nxg6+ 40. Ke4 Kf7 41. f4 Kf6 42. a3 Ne7 43. b4 cxb4 44. axb4 b5 45. Kd4 Kf5 46. Kc5 a6 47. Kb6 Nd5+ 48. Kc5 Nxf4 49. Kd4 Nd5 50. Kc5 g5 51. Kd4 g4 52. Kd3 Nxb4+ 53. Ke3 Nd5+ 54. Kf2 b4 55. Ke2 b3 56. Kd2 a5 57. Kc1 a4 58. Kb2 g3 59. Ka3 g2 60. Kxa4 b2 61. Ka3 b1Q 62. Ka4 Qb4# 0-1

[Event "Madrid Chamartin op 6th"]
[Site "Madrid"]
[Date "2017.09.07"]
[Round "6"]
[White "Gijon Molina, Carlos"]
[Black "Cupeiro Fernandez, Manuel"]
[Result "0-1"]
[WhiteElo "1189"]
[BlackElo "1527"]
[PlyCount "74"]
[EventDate "2017.09.04"]
[EventType "swiss"]
[EventRounds "9"]
[EventCountry "ESP"]
[SourceTitle "CBM 180 Extra"]
[Source "ChessBase"]
[SourceDate "2017.10.06"]
[SourceVersion "1"]
[SourceVersionDate "2017.10.06"]
[SourceQuality "1"]

1. d4 c6 2. e4 d5 3. e5 Bf5 4. Nf3 e6 5. Bg5 Be7 6. Qd2 h6 7. Bf4 Nd7 8. Nc3 Bb4 9. b3 Ne7 10. Bg3 Qa5 11. a3 Bxc3 12. b4 Bxd2+ 13. Kxd2 Qa4 14. Ra2 b5 15. Ne1 a5 16. c3 axb4 17. cxb4 Qa7 18. Nf3 0-0 19. Be2 Qb6 20. Rc1 Be4 21. Ke3 Nf5+ 22. Kf4 Bxf3 23. Kxf3 Nxd4+ 24. Kg4 Nxe2 25. Rxe2 Rxa3 26. Rd2 Ra4 27. Rb1 c5 28. Bf4 Rxb4 29. Re1 Ra8 30. g3 Qa5 31. Ree2 g5 32. h4 gxf4 33. gxf4 Qa4 34. Kg3 Rxf4 35. Ra2 Rg4+ 36. Kh3 Rxh4+ 37. Kg2 Qg4+ 0-1